Brevario de campaña electoral : (commentariolum petitionis) / Quinto Tulio Cicerón ; traducción y nota preliminar de Alejandra de Riquer (commentariolum petitionis) / Quinto Tulio Cicerón ; traducción y nota preliminar de Alejandra de Riquer
ISBN:
84-7769-078-2
Descripción Física:
86 p. ; 18 cm
Colección:
Biblioteca menor ; 7
Otros Autores:
Riquer, Alejandra de
MARC
| LEADER | 00000nam a2200000Ia 4500 | ||
|---|---|---|---|
| 001 | 19178 | ||
| 008 | 160829s1993 xx 000 0 cat d | ||
| 020 | |a 84-7769-078-2 | ||
| 080 | |a M-3-273 | ||
| 100 | |a Ciceró, Quint Tul·li |9 45281 | ||
| 245 | |a Brevario de campaña electoral : |b (commentariolum petitionis) / Quinto Tulio Cicerón ; traducción y nota preliminar de Alejandra de Riquer | ||
| 260 | |a Barcelona : |b Quaderns Crema, |c 1993 | ||
| 300 | |a 86 p. ; |c 18 cm | ||
| 490 | |a Biblioteca menor ; 7 | ||
| 650 | |a Campanyes electorals |9 45282 | ||
| 650 | |a Ciceró, Quint Tul·li |x Epistolaris |9 45283 | ||
| 650 | |a Ciceró, Marc Tul·li |x Epistolaris |9 45284 | ||
| 700 | |a Riquer, Alejandra de |9 45285 | ||
| 901 | |a Arxiu | ||
| 942 | |n 1 | ||
| 952 | |0 0 |1 0 |4 0 |6 M3273 |7 1 |9 52491 |a Arxiu |b Arxiu |d 2016-12-01 |l 0 |o M-3-273 |p 19178 |r 2016-12-01 00:00:00 |w 2016-12-01 |y ARXIU | ||
| 999 | |c 56339 |d 56339 | ||